000
00314nam a22001337a 4500
003
OSt
005
20231128161032.0
008
231128b |||||||| |||| 00| 0 eng d
040
_c
CO-JMCR
082
_a
N /
_b
MURt
100
_a
Murakami, Haruki,
_9
42992
245
_a
Tokio Blues Norwegian Wood /
942
_2
ddc
_c
BK
999
_c
30421
_d
16805